000 00609nam a2200217 i 4500
001 bgj
245 1 0 _aZeitschrift für deutsche Philologie /
_chrsg. von Werner Besch [et al.].
246 1 _a"Gescheitert an den Marmorklippen"
260 _a[Berlin ;
_aBielfeld ;
_aMünchen :
_bE. Schmidt,
_c1979].
300 _aS. 543-[577] ;
_c23 cm.
505 _aSonderdruck
650 9 _aLiteratura niemiecka
700 1 _aBESCH, Werner.
700 1 _aSCHOLDT, Günter.
040 _cBPK
041 0 _ager
044 _aDEU
080 _a821.112.2
942 _cKS
008 s gw f |000 0 ger
999 _c49944
_d49944
856 _uhttp://koha.tu.koszalin.pl/cgi-bin/koha/opac-detail.pl?biblionumber=49944
_yKatalog online BPK